[Event "4NCL Division Four"]
[Site "Telford, ENG"]
[Date "2023.11.19"]
[Round "2.53"]
[White "Woolgar, Steven G"]
[Black "Belur, Ashwin"]
[Result "1/2-1/2"]
[WhiteElo "1616"]
[BlackElo "1173"]
[PlyCount "84"]
[EventDate "2023.11.19"]
[WhiteTeam "Coventry"]
[BlackTeam "She Plays To Win Uni"]

1. c4 d6 2. Nc3 Nd7 3. Nf3 e5 4. g3 Be7 5. Bg2 Ngf6 6. O-O O-O 7. d3 Rb8 8. Bg5
Ng4 9. Bxe7 Qxe7 10. Nd5 Qd8 11. Qd2 c6 12. Nc3 h6 13. Rad1 b6 14. d4 Bb7 15.
h3 Ngf6 16. dxe5 Nxe5 17. Nxe5 dxe5 18. Ne4 Nxe4 19. Bxe4 Qxd2 20. Rxd2 Rfd8
21. Rfd1 Rxd2 22. Rxd2 c5 23. Bd5 Kf8 24. e4 g5 25. f3 Bc8 26. Kg2 h5 27. g4 h4
28. a4 a5 29. b3 f6 30. Bc6 Ke7 31. Kf2 Be6 32. Ke3 Rc8 33. Bd5 Bd7 34. Bb7 Rb8
35. Bd5 Be6 36. Kd3 Rd8 37. Kc3 Rb8 38. Rd3 Rd8 39. Kd2 Rd7 40. Ke3 Rd8 41.
Bxe6 Rxd3+ 42. Kxd3 Kxe6 1/2-1/2

[Event "4NCL Division Four"]
[Site "Telford, ENG"]
[Date "2023.11.19"]
[Round "2.45"]
[White "Wabuti, Rose"]
[Black "Cooper, John G"]
[Result "0-1"]
[WhiteElo "1600"]
[BlackElo "2278"]
[PlyCount "80"]
[EventDate "2023.11.19"]
[WhiteTeam "She Plays To Win Uni"]
[BlackTeam "North West Eagles"]

1. Nf3 c5 2. g3 d5 3. c3 Nc6 4. d4 e6 5. Bg2 Nf6 6. Nbd2 cxd4 7. cxd4 Qb6 8. e3
Bd6 9. O-O O-O 10. b3 Bd7 11. Bb2 Nb4 12. Ne5 Bb5 13. Re1 Rac8 14. a4 Bd3 15.
Rc1 Bc2 16. Qe2 Na2 17. Ra1 Nc3 18. Bxc3 Rxc3 19. Rec1 Qc7 20. Nb1 Bxb1 21.
Rxc3 Qxc3 22. Rxb1 Bxe5 23. dxe5 Qxe5 24. Qb2 Qxb2 25. Rxb2 Rc8 26. Bf3 Rc1+
27. Kg2 Kf8 28. Rd2 Ke7 29. Rd4 a5 30. h4 Kd6 31. g4 Rc3 32. Be2 Ne4 33. f4
Rxe3 34. Bf3 Nc5 35. b4 Nd3 36. f5 Ke5 37. fxe6 Ne1+ 38. Kf2 Rxf3+ 39. Kxe1
Kxd4 40. exf7 Rxf7 0-1

[Event "4NCL Division Four"]
[Site "Telford, ENG"]
[Date "2023.11.19"]
[Round "2.48"]
[White "Kee, Steve"]
[Black "Dorman, Orla"]
[Result "1-0"]
[WhiteElo "2153"]
[BlackElo "1471"]
[PlyCount "55"]
[EventDate "2023.11.19"]
[WhiteTeam "North West Eagles"]
[BlackTeam "She Plays To Win Uni"]

1. c4 e5 2. Nc3 Nf6 3. g3 c6 4. Nf3 e4 5. Nd4 d5 6. cxd5 cxd5 7. d3 exd3 8. Bg2
Be7 9. Qxd3 O-O 10. O-O Nc6 11. Bg5 Nxd4 12. Qxd4 Be6 13. Rfd1 Qd7 14. e4 Rfd8
15. e5 Ne8 16. Bxe7 Qxe7 17. Rd2 Nc7 18. h3 b6 19. Rad1 Rac8 20. Kh2 g6 21. f4
Kg7 22. g4 Kg8 23. Qf2 Qb4 24. Rd4 Qe7 25. f5 Bxf5 26. gxf5 Qxe5+ 27. Kh1 gxf5
28. Rf4 1-0

[Event "4NCL Division Four"]
[Site "Telford, ENG"]
[Date "2023.11.19"]
[Round "2.51"]
[White "Ravi, Vash"]
[Black "Manawadu, Dilhan"]
[Result "1-0"]
[WhiteElo "1401"]
[BlackElo "1952"]
[PlyCount "95"]
[EventDate "2023.11.19"]
[WhiteTeam "She Plays To Win Uni"]
[BlackTeam "North West Eagles"]

1. d4 d6 2. c4 e5 3. dxe5 dxe5 4. Qxd8+ Kxd8 5. e4 Bc5 6. Bd2 Nc6 7. Nc3 Nd4 8.
O-O-O c6 9. Nge2 Kc7 10. Nxd4 Bxd4 11. Be2 Be6 12. f4 f6 13. Rhf1 Ne7 14. h3
Nc8 15. b3 Nd6 16. fxe5 Bxe5 17. c5 Nf7 18. Bh5 Rad8 19. Ne2 g6 20. Bf3 b6 21.
g4 Ng5 22. Bg2 Kb7 23. Be3 Rxd1+ 24. Rxd1 Nf7 25. Nd4 Bc8 26. Nf3 Rd8 27. Rf1
Rd3 28. Bg1 bxc5 29. Kc2 c4 30. Nxe5 Nxe5 31. bxc4 Ra3 32. Rb1+ Ka6 33. Bf1
Rxa2+ 34. Rb2 Rxb2+ 35. Kxb2 Be6 36. Kc3 Kb7 37. Bc5 Nd7 38. Be7 f5 39. exf5
gxf5 40. g5 Kb6 41. h4 Ne5 42. c5+ Ka5 43. h5 Bf7 44. Be2 f4 45. Bd6 f3 46. Bf1
Ng4 47. Bf4 Bxh5 48. Kb3 1-0

[Event "4NCL Division Four"]
[Site "Telford, ENG"]
[Date "2023.11.19"]
[Round "2.46"]
[White "Redmond, John P"]
[Black "Ireland, David J"]
[Result "1-0"]
[WhiteElo "2272"]
[BlackElo "1897"]
[PlyCount "67"]
[EventDate "2023.11.19"]
[WhiteTeam "North West Eagles"]
[BlackTeam "Coventry"]

1. Nf3 Nf6 2. c4 d6 3. d4 c5 4. e3 g6 5. Nc3 cxd4 6. exd4 Bg7 7. Be2 O-O 8. O-O
Nbd7 9. d5 a5 10. Nd4 Nc5 11. Be3 Nfe4 12. Nxe4 Nxe4 13. Qc2 Nc5 14. Rad1 Bd7
15. Rfe1 Qc7 16. Qd2 Rfe8 17. Bf1 e5 18. dxe6 fxe6 19. Nf3 Ne4 20. Qc2 d5 21.
Bd3 Nf6 22. Bd4 Rac8 23. Qc3 Nh5 24. Bxg7 Nxg7 25. Ne5 Bc6 26. Qd4 Nf5 27. Bxf5
gxf5 28. Re3 Re7 29. Rg3+ Rg7 30. Rdd3 f4 31. Qxf4 Rf8 32. Qh6 Qxe5 33. Rxg7+
Qxg7 34. Rg3 1-0

[Event "4NCL Division Four"]
[Site "Telford, ENG"]
[Date "2023.11.19"]
[Round "2.49"]
[White "Goodwin, Ed H"]
[Black "Doran, Chris"]
[Result "0-1"]
[WhiteElo "1834"]
[BlackElo "1991"]
[PlyCount "76"]
[EventDate "2023.11.19"]
[WhiteTeam "Coventry"]
[BlackTeam "North West Eagles"]

1. d4 Nf6 2. c4 g6 3. Nc3 Bg7 4. e4 d6 5. f4 O-O 6. Be2 c5 7. d5 e6 8. Nf3 exd5
9. cxd5 Bg4 10. O-O Nbd7 11. Nd2 Bxe2 12. Qxe2 Re8 13. Qf3 a6 14. a4 Qc7 15. a5
c4 16. Ra4 b5 17. axb6 Nxb6 18. Ra3 Nfd7 19. e5 dxe5 20. f5 Nf6 21. Nde4 Nbxd5
22. Nxf6+ Nxf6 23. Bg5 e4 24. Qh3 Qe5 25. Be3 h5 26. fxg6 fxg6 27. Kh1 Ng4 28.
Ra4 Rf8 29. Re1 Bh6 30. Bg1 e3 31. Rxc4 Nf2+ 32. Bxf2 exf2 33. Rf1 Rae8 34. Rc6
Rf6 35. Rxf6 Qxf6 36. Qf3 Re1 37. Qd5+ Kh7 38. Qc4 Qe7 0-1

[Event "4NCL Division Four"]
[Site "Telford, ENG"]
[Date "2023.11.19"]
[Round "2.52"]
[White "Banerjee, Sanjoy K"]
[Black "Graff, Ben"]
[Result "1/2-1/2"]
[WhiteElo "1753"]
[BlackElo "1781"]
[PlyCount "27"]
[EventDate "2023.11.19"]
[WhiteTeam "North West Eagles"]
[BlackTeam "Coventry"]

1. d4 d5 2. c4 e6 3. Nf3 Nf6 4. Nc3 Be7 5. Bf4 c6 6. e3 Nh5 7. Bxb8 Rxb8 8. Ne5
Nf6 9. c5 Nd7 10. f4 Nxe5 11. fxe5 O-O 12. Bd3 f6 13. Qh5 g6 14. Bxg6 1/2-1/2

﻿

[Event "4NCL Division Four"]
[Site "Telford, ENG"]
[Date "2024.01.07"]
[Round "4.11"]
[White "Pelling, Kyle"]
[Black "Larkin, Benjamin"]
[Result "0-1"]
[WhiteElo "2018"]
[BlackElo "2074"]
[PlyCount "58"]
[EventDate "2024.01.07"]
[WhiteTeam "Average Woodpushers"]
[BlackTeam "ToBeDecided"]

1. e4 c5 2. Nf3 d6 3. d4 cxd4 4. Nxd4 Nf6 5. Nc3 a6 6. Be3 e5 7. Nb3 Be6 8. f3
h5 9. Qd2 Nbd7 10. Nd5 Bxd5 11. exd5 g6 12. Na5 Qc7 13. Nc4 b5 14. Na5 Nb6 15.
c4 bxc4 16. Bxb6 Qxb6 17. Nxc4 Qc5 18. Rd1 Bh6 19. Qa5 Qxa5+ 20. Nxa5 Kd7 21.
a4 e4 22. Nc4 Rab8 23. a5 Rb4 24. fxe4 Nxe4 25. Rd4 Re8 26. Be2 Be3 27. Rd1
Bf2+ 28. Kf1 Bc5 29. Re1 Rxc4 0-1

[Event "4NCL Division Four"]
[Site "Telford, ENG"]
[Date "2024.01.07"]
[Round "4.12"]
[White "Rathbone-Jones, Ifan"]
[Black "Zhu, Yaoyao"]
[Result "1/2-1/2"]
[WhiteElo "2101"]
[BlackElo "2067"]
[PlyCount "238"]
[EventDate "2024.01.07"]
[WhiteTeam "ToBeDecided"]
[BlackTeam "Average Woodpushers"]

1. d4 d5 2. Nf3 Nf6 3. Bf4 e6 4. e3 c5 5. c3 Bd6 6. Bg3 Nc6 7. Nbd2 O-O 8. Bd3
b6 9. Qe2 Bb7 10. Rd1 Ne7 11. Ne5 Nf5 12. Qf3 g6 13. Bf4 Be7 14. g4 Nd6 15. Bh6
Nfe4 16. Bxe4 dxe4 17. Qg3 cxd4 18. cxd4 f6 19. Bxf8 Bxf8 20. Nec4 Nxc4 21.
Nxc4 Rc8 22. b3 Bb4+ 23. Kf1 b5 24. a3 Be7 25. Nd2 Bxa3 26. g5 fxg5 27. h4 Rc1
28. Rxc1 Bxc1 29. Ke2 gxh4 30. Qe5 Bxd2 31. Qxe6+ Kg7 32. Kxd2 Qf6 33. Qd7+ Qf7
34. Qxf7+ Kxf7 35. Rxh4 h5 36. Rh1 Ke6 37. Rc1 h4 38. Rc5 a6 39. Ke2 Bd5 40.
Kf1 Bxb3 41. Rc6+ Kf5 42. Rxa6 b4 43. Kg2 Bc2 44. Rb6 b3 45. Rb5+ Kf6 46. f4
exf3+ 47. Kxf3 g5 48. e4 h3 49. Rb6+ Ke7 50. e5 g4+ 51. Kg3 Kd7 52. d5 Be4 53.
d6 Bd5 54. Rb5 Be6 55. Rc5 Kd8 56. Rc7 Bd5 57. Rc5 Be6 58. Rb5 Kd7 59. Rb7+ Kc8
60. Rc7+ Kd8 61. Rc1 Kd7 62. Ra1 Bf5 63. Ra7+ Kc8 64. Rc7+ Kb8 65. Rc3 Be6 66.
d7 Bxd7 67. Rxb3+ Kc7 68. Rd3 Bf5 69. Rd4 Be6 70. Rd3 Bf5 71. Rd2 Be6 72. Kf4
Bc8 73. Rd6 Bd7 74. Rh6 Bc8 75. Rd6 Bd7 76. Rh6 Bc8 77. Kg3 Bf5 78. Rf6 Bc8 79.
Rf7+ Kd8 80. Rf8+ Kc7 81. Rf6 Kd8 82. Rg6 Ke7 83. Rg7+ Ke6 84. Rc7 Bd7 85. Kxg4
h2 86. Rc1 Kxe5+ 87. Kg3 Kd5 88. Rd1+ Ke6 89. Re1+ Kd5 90. Rd1+ Ke6 91. Kxh2
Bc6 92. Kg3 Kf7 93. Rd6 Be4 94. Kf4 Bb1 95. Ke5 Kg7 96. Rd7+ Kh8 97. Kf6 Bc2
98. Rd2 Bb1 99. Kf7 Be4 100. Rd8+ Kh7 101. Rd4 Bg6+ 102. Kf6 Bb1 103. Rd7+ Kh8
104. Rd2 Kg8 105. Rg2+ Kh8 106. Kf7 Be4 107. Rh2+ Bh7 108. Kf6 Kg8 109. Rg2+
Kh8 110. Kf7 Be4 111. Rd2 Bb1 112. Rd8+ Kh7 113. Rd2 Kh8 114. Rb2 Bd3 115. Rh2+
Bh7 116. Kf6 Kg8 117. Rb2 Bd3 118. Rb3 Bc2 119. Kg5 Bxb3 1/2-1/2

[Event "4NCL Division Four"]
[Site "Telford, ENG"]
[Date "2024.01.07"]
[Round "4.13"]
[White "Sajanani, Vikas"]
[Black "Gurner, Jem"]
[Result "0-1"]
[WhiteElo "1949"]
[BlackElo "2080"]
[PlyCount "90"]
[EventDate "2024.01.07"]
[WhiteTeam "Average Woodpushers"]
[BlackTeam "ToBeDecided"]

1. c4 e5 2. Nc3 Nc6 3. g3 g6 4. Bg2 Bg7 5. e3 d6 6. Nge2 f5 7. d4 e4 8. a3 Nf6
9. b4 O-O 10. Bb2 Bd7 11. h4 Be8 12. Nf4 Bf7 13. Bf1 Re8 14. Be2 h6 15. Rc1 a5
16. b5 Ne7 17. a4 b6 18. Ba3 Nd7 19. Ncd5 Nxd5 20. cxd5 Nf8 21. Bc4 Rc8 22. Qb3
Qe7 23. Qa2 g5 24. Ne2 Ng6 25. hxg5 hxg5 26. Kd2 Bf6 27. Rcg1 Kg7 28. Qa1 Rh8
29. Rxh8 Rxh8 30. Rh1 Qe8 31. Qg1 Bd8 32. Bb2 Ne7 33. Nc3 Qg8 34. g4 f4 35.
Rxh8 Qxh8 36. Nxe4 Nxd5 37. exf4 gxf4 38. Bd3 Qh3 39. Qd1 f3 40. Qg1 Qg2 41.
Qf1 Qxg4 42. Ng3 Bg5+ 43. Kc2 Nb4+ 44. Kb1 Nxd3 45. Qxd3 Bg6 0-1

[Event "4NCL Division Four"]
[Site "Telford, ENG"]
[Date "2024.01.07"]
[Round "4.14"]
[White "Guha, Chirag"]
[Black "Mulleady, Peter J"]
[Result "1-0"]
[WhiteElo "2126"]
[BlackElo "1957"]
[PlyCount "119"]
[EventDate "2024.01.07"]
[WhiteTeam "ToBeDecided"]
[BlackTeam "Average Woodpushers"]

1. d4 Nf6 2. c4 c5 3. d5 b5 4. cxb5 a6 5. bxa6 Bxa6 6. Nc3 g6 7. e4 Bxf1 8.
Kxf1 d6 9. Nf3 Bg7 10. g3 O-O 11. Kg2 Nbd7 12. Re1 Ng4 13. Nd2 Nge5 14. Qe2 Nb6
15. f4 Ned7 16. a4 Bxc3 17. bxc3 Nxa4 18. c4 Nc3 19. Rxa8 Qxa8 20. Qd3 Na2 21.
Bb2 Nb4 22. Qc3 f6 23. Nf3 Qa4 24. Re2 Na2 25. Qd3 Rb8 26. e5 Rb6 27. Qe4 f5
28. Qc2 Nb4 29. Qd1 Nd3 30. exd6 exd6 31. Nd2 Rb4 32. Re8+ Kf7 33. Qe2 N7e5 34.
fxe5 Qxe8 35. e6+ Kg8 36. Bc3 Ne5 37. Bxb4 cxb4 38. Nb3 Nd7 39. Qd2 Nf6 40.
Qxb4 Qa8 41. e7 Nxd5 42. cxd5 Qxd5+ 43. Kf2 Kf7 44. Qe1 Ke8 45. Qe3 g5 46. Nd2
h6 47. h4 gxh4 48. gxh4 h5 49. Nf3 Qa2+ 50. Kg3 Qg8+ 51. Qg5 Qc4 52. Qf6 Qg8+
53. Ng5 Qb3+ 54. Kf4 Qc4+ 55. Kxf5 Qd3+ 56. Ne4 Qf3+ 57. Kg5 Qg4+ 58. Kh6 Qxe4
59. Qf8+ Kd7 60. Qd8+ 1-0

[Event "4NCL Division Four"]
[Site "Telford, ENG"]
[Date "2024.01.07"]
[Round "4.15"]
[White "Hutchinson, Joel"]
[Black "MacDonald, Duncan"]
[Result "1/2-1/2"]
[WhiteElo "1896"]
[BlackElo "1751"]
[PlyCount "236"]
[EventDate "2024.01.07"]
[WhiteTeam "Average Woodpushers"]
[BlackTeam "ToBeDecided"]

1. e4 c6 2. d4 d5 3. exd5 cxd5 4. c4 Nf6 5. Nc3 Nc6 6. Bg5 Ne4 7. Nxe4 dxe4 8.
d5 Ne5 9. Qd4 Qc7 10. Qxe4 e6 11. O-O-O Bd6 12. Kb1 O-O 13. Nf3 f5 14. Qe2 Nxf3
15. Qxf3 e5 16. Rc1 a5 17. h4 a4 18. a3 e4 19. Qe2 f4 20. Ka1 Bf5 21. Rg1 Rae8
22. g3 f3 23. Qe1 Bc5 24. Be3 b6 25. Qd2 Qd6 26. Qc3 Bxe3 27. Qxe3 Rc8 28. g4
Qh2 29. Rg3 Bd7 30. h5 Rc5 31. Re1 Re8 32. Rh3 Qd6 33. Rg3 b5 34. cxb5 Bxb5 35.
Bxb5 Rxb5 36. Qc1 Qxd5 37. Rxf3 Reb8 38. Rf5 Qe6 39. Rxb5 Rxb5 40. Qd1 Qe5 41.
Qc2 Rc5 42. Qxa4 Qe6 43. Qa8+ Rc8 44. Rxe4 Qd7 45. Rd4 Qxd4 46. Qxc8+ Kf7 47.
Qf5+ Kg8 48. Qe6+ Kf8 49. f4 h6 50. Qf5+ Kg8 51. Qe6+ Kf8 52. Ka2 Qd1 53. g5
hxg5 54. fxg5 Qxh5 55. Qd5 Qg4 56. Kb3 g6 57. Qd8+ Kg7 58. Qf6+ Kg8 59. Qxg6+
Kf8 60. Qd6+ Kg7 61. Qd5 Kg6 62. a4 Qg3+ 63. Ka2 Qe1 64. a5 Qb4 65. b3 Qe7 66.
a6 Qe2+ 67. Ka3 Qxa6+ 68. Kb4 Qb6+ 69. Qb5 Qd4+ 70. Ka5 Qa1+ 71. Kb6 Qd4+ 72.
Kc7 Qf4+ 73. Kb7 Qf7+ 74. Kb6 Qf2+ 75. Qc5 Qh2 76. b4 Qb8+ 77. Ka6 Qa8+ 78. Kb5
Qa2 79. Kb6 Qh2 80. b5 Qb8+ 81. Ka6 Qa8+ 82. Qa7 Qd5 83. Qe7 Qa2+ 84. Kb7 Qd5+
85. Kb6 Qd4+ 86. Qc5 Qd8+ 87. Kb7 Qd7+ 88. Ka6 Qd3 89. Ka5 Qd2+ 90. Ka6 Qd3 91.
Qe5 Qc4 92. Qf6+ Kh5 93. g6 Qc8+ 94. Ka5 Qa8+ 95. Qa6 Qd8+ 96. Qb6 Qa8+ 97. Kb4
Qe4+ 98. Kc3 Qe5+ 99. Kc4 Qe4+ 100. Kc5 Qf5+ 101. Kc4 Qc2+ 102. Kb4 Qb2+ 103.
Kc5 Qc2+ 104. Kd5 Qf5+ 105. Kc6 Qxg6+ 106. Kb7 Qf7+ 107. Ka6 Qa2+ 108. Qa5 Qc4
109. Kb7 Qd5+ 110. Ka7 Qd7+ 111. Ka6 Qc8+ 112. Ka7 Qd7+ 113. Kb8 Qe8+ 114. Kc7
Qe5+ 115. Kc6 Qe6+ 116. Kc5 Qe5+ 117. Kc4 Qe4+ 118. Kb3 Qb1+ 1/2-1/2

[Event "4NCL Division Four"]
[Site "Telford, ENG"]
[Date "2024.01.07"]
[Round "4.16"]
[White "Davies, Callum"]
[Black "Scoular, Adam"]
[Result "0-1"]
[WhiteElo "1684"]
[BlackElo "1939"]
[PlyCount "44"]
[EventDate "2024.01.07"]
[WhiteTeam "ToBeDecided"]
[BlackTeam "Average Woodpushers"]

1. e4 c6 2. d4 d5 3. e5 c5 4. dxc5 Nc6 5. f4 Bf5 6. c3 e6 7. Be3 Nh6 8. Nf3 Ng4
9. Bg1 Be7 10. b4 O-O 11. Nbd2 Qc7 12. h3 Ngxe5 13. fxe5 Nxe5 14. Bd4 Ng6 15.
Qe2 e5 16. Nxe5 Bh4+ 17. Kd1 Rfe8 18. Ndf3 Bg3 19. Qd2 Nxe5 20. Qg5 f6 21. Qxg3
Nxf3 22. Qxc7 Re1# 0-1

[Event "4NCL Division Four"]
[Site "Telford, ENG"]
[Date "2024.01.07"]
[Round "4.21"]
[White "Hymer, Barry"]
[Black "Madan, Augustin"]
[Result "0-1"]
[WhiteElo "1959"]
[BlackElo "2283"]
[PlyCount "90"]
[EventDate "2024.01.07"]
[WhiteTeam "Lancaster"]
[BlackTeam "Desert Penguins"]

1. d4 d5 2. Nc3 Nf6 3. Bf4 a6 4. e3 c5 5. dxc5 Nc6 6. a3 e5 7. Bg5 Be6 8. b4
Be7 9. Nf3 O-O 10. Be2 Qd7 11. Na4 Rad8 12. Nb6 Qc7 13. c3 h6 14. Bh4 g5 15.
Bg3 Ne4 16. Qc2 f5 17. c4 Kg7 18. cxd5 Bxd5 19. Nxd5 Rxd5 20. Bc4 Rdd8 21. Be6
Nxg3 22. hxg3 e4 23. Nd2 Qe5 24. Qa2 f4 25. gxf4 gxf4 26. O-O fxe3 27. fxe3
Rxd2 28. Qxd2 Rxf1+ 29. Rxf1 Qxe6 30. Rf4 Bg5 31. Qc3+ Kg8 32. Rf1 Ne7 33. Rd1
Nf5 34. Re1 Bf6 35. Qc1 Bg5 36. Qc3 Qd5 37. a4 Kf7 38. Re2 Qd1+ 39. Re1 Bxe3+
40. Qxe3 Nxe3 41. Rxd1 Nxd1 42. b5 axb5 43. axb5 Ke6 44. c6 bxc6 45. b6 Kd6 0-1

[Event "4NCL Division Four"]
[Site "Telford, ENG"]
[Date "2024.01.07"]
[Round "4.22"]
[White "Sedykh, Mikhail"]
[Black "Cooper, Neill"]
[Result "1-0"]
[WhiteElo "2138"]
[BlackElo "2008"]
[PlyCount "63"]
[EventDate "2024.01.07"]
[WhiteTeam "Desert Penguins"]
[BlackTeam "Lancaster"]

1. d4 Nf6 2. c4 c5 3. d5 b5 4. cxb5 a6 5. bxa6 Bxa6 6. Nc3 d6 7. Nf3 g6 8. e4
Bxf1 9. Kxf1 Bg7 10. g3 O-O 11. Kg2 Na6 12. Qe2 Nd7 13. Bf4 Qc7 14. Rac1 Rfb8
15. h4 Qb7 16. b3 h6 17. Rhd1 Nb4 18. a4 Na6 19. Nb5 Nc7 20. Nxc7 Qxc7 21. Nd4
Nf6 22. Nb5 Qd7 23. Bd2 Ne8 24. Bc3 Nc7 25. Bxg7 Nxb5 26. Ba1 Nd4 27. Bxd4 cxd4
28. Qc4 Qb7 29. Rb1 Qb4 30. Qxd4 Rxa4 31. bxa4 Qxd4 32. Rxb8+ 1-0

[Event "4NCL Division Four"]
[Site "Telford, ENG"]
[Date "2024.01.07"]
[Round "4.23"]
[White "Lyth, John D"]
[Black "Bharat Kumar, Balahari"]
[Result "0-1"]
[WhiteElo "1870"]
[BlackElo "2027"]
[PlyCount "88"]
[EventDate "2024.01.07"]
[WhiteTeam "Lancaster"]
[BlackTeam "Desert Penguins"]

1. d4 d5 2. Nf3 Nf6 3. c4 e6 4. Nc3 a6 5. cxd5 exd5 6. g3 Be6 7. Bg2 c6 8. O-O
Bd6 9. a3 Nbd7 10. b4 O-O 11. Bb2 b5 12. Nb1 Qc7 13. Nbd2 a5 14. Bc3 axb4 15.
Bxb4 Ra4 16. Bxd6 Qxd6 17. Qc1 Rfa8 18. Nb3 Rxa3 19. Rxa3 Rxa3 20. Nc5 Ra8 21.
Nxd7 Nxd7 22. Qc2 Ra4 23. e3 g6 24. Nd2 Nb6 25. Rc1 Nc4 26. Nb3 Bf5 27. Qc3 Ra3
28. g4 Bxg4 29. Qc2 Bf5 30. e4 dxe4 31. Nc5 Qxd4 32. Nxe4 Rd3 33. Qe2 Bxe4 34.
Bxe4 Rd2 35. Qf3 c5 36. Bb1 Ne5 37. Qa8+ Kg7 38. Rf1 Qg4+ 39. Qg2 Nf3+ 40. Kh1
Qxg2+ 41. Kxg2 Nd4 42. Rc1 c4 43. Be4 Ne2 44. Kf3 Nxc1 0-1

[Event "4NCL Division Four"]
[Site "Telford, ENG"]
[Date "2024.01.07"]
[Round "4.24"]
[White "Bansal, Rohan"]
[Black "Dobson, Graham"]
[Result "1-0"]
[WhiteElo "1989"]
[BlackElo "1955"]
[PlyCount "77"]
[EventDate "2024.01.07"]
[WhiteTeam "Desert Penguins"]
[BlackTeam "Lancaster"]

1. e4 c6 2. d4 d5 3. Nd2 dxe4 4. Nxe4 Nf6 5. Nxf6+ exf6 6. c3 Qc7 7. Bd3 Bd6 8.
Ne2 Bg4 9. Qc2 Nd7 10. Be3 O-O-O 11. O-O-O Kb8 12. Kb1 Rhe8 13. h3 Bh5 14. Rhe1
Bg6 15. g3 Bxd3 16. Qxd3 g6 17. Qc2 Ka8 18. h4 f5 19. Bg5 f6 20. Bc1 Re7 21.
Nf4 Rde8 22. Rxe7 Rxe7 23. Qb3 Qc8 24. Be3 g5 25. hxg5 fxg5 26. Ne6 h6 27. d5
c5 28. Rh1 f4 29. gxf4 gxf4 30. Nxf4 Bxf4 31. Bxf4 Nf6 32. d6 Re2 33. Be3 Qf5+
34. Ka1 b6 35. Qd1 Qf3 36. Rg1 Nd7 37. Qa4 Qg2 38. Rd1 Qb7 39. Qg4 1-0

[Event "4NCL Division Four"]
[Site "Telford, ENG"]
[Date "2024.01.07"]
[Round "4.25"]
[White "Chan, Tak-Shing"]
[Black "Quillaud, Maxime"]
[Result "0-1"]
[WhiteElo "1784"]
[BlackElo "1833"]
[PlyCount "54"]
[EventDate "2024.01.07"]
[WhiteTeam "Lancaster"]
[BlackTeam "Desert Penguins"]

1. d4 d5 2. Bf4 Nf6 3. e3 c5 4. c3 Nc6 5. Nf3 Qb6 6. Qc2 Nh5 7. Bg3 Nxg3 8.
hxg3 g6 9. Nbd2 Bf5 10. Qb3 c4 11. Qxb6 axb6 12. Be2 b5 13. b4 Ra3 14. Nh4 Rxc3
15. Nxf5 Nxb4 16. Nb1 Rc1+ 17. Bd1 gxf5 18. Kd2 Nd3 19. a4 b4 20. a5 b3 21. f3
e6 22. Rf1 b2 23. Ra2 Bb4+ 24. Ke2 Ke7 25. Ba4 Rg8 26. Rxb2 Rxf1 27. Rxb4 Rf2+
0-1

[Event "4NCL Division Four"]
[Site "Telford, ENG"]
[Date "2024.01.07"]
[Round "4.26"]
[White "Sedykh, Stakhey"]
[Black "Walsh, Richard"]
[Result "1-0"]
[WhiteElo "1609"]
[BlackElo "1742"]
[PlyCount "69"]
[EventDate "2024.01.07"]
[WhiteTeam "Desert Penguins"]
[BlackTeam "Lancaster"]

1. e4 c6 2. d4 d5 3. e5 Bf5 4. Bd3 Bxd3 5. Qxd3 e6 6. Ne2 Ne7 7. O-O Nf5 8. c3
Be7 9. Nd2 O-O 10. f4 c5 11. g4 Nh6 12. h3 Nc6 13. Nf3 cxd4 14. cxd4 Nb4 15.
Qb3 a5 16. f5 a4 17. Qd1 exf5 18. g5 Ng4 19. hxg4 fxg4 20. Nh2 Bxg5 21. Bd2 Nc6
22. Nxg4 Bxd2 23. Qxd2 Qh4 24. Qf4 Kh8 25. Ne3 Qh5 26. Rf2 a3 27. b3 Nb4 28.
Rh2 Qg6+ 29. Rg2 Qd3 30. Qg5 Rg8 31. Nf5 Nc2 32. Nh6 Raf8 33. Nxg8 Rxg8 34. Rc1
Nxd4 35. Qxg7+ 1-0

[Event "4NCL Division Four"]
[Site "Telford, ENG"]
[Date "2024.01.07"]
[Round "4.31"]
[White "Onley, David E"]
[Black "Coates, Kenneth G"]
[Result "1-0"]
[WhiteElo "2153"]
[BlackElo "1921"]
[PlyCount "79"]
[EventDate "2024.01.07"]
[WhiteTeam "War and Piece A"]
[BlackTeam "Crowthorne B"]

1. e4 e5 2. d4 exd4 3. Qxd4 Nc6 4. Qe3 Nf6 5. Nc3 Bb4 6. Bd2 O-O 7. O-O-O Re8
8. Qg3 Rxe4 9. a3 Rg4 10. Qd3 Bxc3 11. Bxc3 d6 12. h3 Rg5 13. Re1 Be6 14. f4
Rc5 15. Qg3 Bf5 16. Bd3 Bxd3 17. Qxd3 Nd5 18. Bd2 Qf6 19. Re4 b5 20. Ne2 Rb8
21. Nc3 Nxc3 22. Bxc3 Rxc3 23. Qxc3 Qxc3 24. bxc3 g6 25. Rhe1 Kf8 26. c4 a6 27.
Kd2 Na5 28. cxb5 axb5 29. Re7 Nc4+ 30. Kd1 c5 31. Ra7 Re8 32. Rxe8+ Kxe8 33.
Ke2 Kf8 34. Kd3 h5 35. Ke4 Kg7 36. g4 hxg4 37. hxg4 Kf6 38. Kd5 Nb6+ 39. Kc6
Nc4 40. Kxb5 1-0

[Event "4NCL Division Four"]
[Site "Telford, ENG"]
[Date "2024.01.07"]
[Round "4.32"]
[White "Chapman, Timothy J"]
[Black "Tenin, Aleksander"]
[Result "1/2-1/2"]
[WhiteElo "1734"]
[BlackElo "2045"]
[PlyCount "99"]
[EventDate "2024.01.07"]
[WhiteTeam "Crowthorne B"]
[BlackTeam "War and Piece A"]

1. d4 Nf6 2. c4 e5 3. dxe5 Ng4 4. Nf3 Bc5 5. e3 Nc6 6. Be2 Ngxe5 7. Nxe5 Nxe5
8. O-O d6 9. Nc3 Bd7 10. Na4 Qf6 11. Nxc5 dxc5 12. f4 Nc6 13. e4 Qd4+ 14. Qxd4
Nxd4 15. Bf3 O-O-O 16. Bd2 Be6 17. Bc3 Bxc4 18. Bg4+ Kb8 19. Rf2 h5 20. Bf3 Bd3
21. b3 h4 22. Rd2 Nxf3+ 23. gxf3 Bb5 24. Rad1 Rxd2 25. Rxd2 Bc6 26. Kf2 f6 27.
f5 Kc8 28. Kg2 Bb5 29. Kf2 c4 30. b4 Ba4 31. Rd4 b5 32. Rd2 Rd8 33. Rxd8+ Kxd8
34. e5 Ke7 35. exf6+ gxf6 36. Ke3 Bc2 37. Kf4 h3 38. Kg4 Bd3 39. Kxh3 Bxf5+ 40.
Kg3 Ke6 41. Kf4 Bh3 42. Ke3 f5 43. Kd4 Kd6 44. a3 a6 45. Bd2 Bg2 46. f4 Bh3 47.
Bc3 c6 48. Bd2 Bg2 49. Bc3 Bh3 50. Bd2 1/2-1/2

[Event "4NCL Division Four"]
[Site "Telford, ENG"]
[Date "2024.01.07"]
[Round "4.33"]
[White "O'Byrne, Daniel"]
[Black "Shek, Daniel"]
[Result "0-1"]
[WhiteElo "1731"]
[BlackElo "1670"]
[PlyCount "82"]
[EventDate "2024.01.07"]
[WhiteTeam "War and Piece A"]
[BlackTeam "Crowthorne B"]

1. d4 Nf6 2. e3 e6 3. Bd3 c5 4. c3 Nc6 5. f4 d5 6. Nf3 Be7 7. O-O O-O 8. Ne5
Qc7 9. Qf3 b6 10. g4 Bb7 11. Nd2 g6 12. Qg3 Nxe5 13. dxe5 Ne4 14. Nxe4 dxe4 15.
Bc2 Rfd8 16. f5 c4 17. fxg6 fxg6 18. h4 Rf8 19. Bd2 Rxf1+ 20. Rxf1 Rf8 21. Rf4
g5 22. Rxf8+ Bxf8 23. hxg5 Bg7 24. Qg2 Qxe5 25. Be1 Qxg5 26. Bf2 Qd5 27. Be1
Bf6 28. Qg3 Bg5 29. Kf1 e5 30. Qf2 Bc8 31. Qg2 Bxe3 32. Bxe4 Qf7+ 33. Ke2 Qf4
34. Bf3 Bc1 35. Kd1 Be3 36. Kc2 b5 37. Bg3 Qg5 38. Be1 Qg6+ 39. Be4 Qxg4 40.
Bd5+ Kh8 41. Qf1 Bf5+ 0-1

[Event "4NCL Division Four"]
[Site "Telford, ENG"]
[Date "2024.01.07"]
[Round "4.34"]
[White "Leadbetter, Scott"]
[Black "Ross, David C"]
[Result "0-1"]
[WhiteElo "1624"]
[BlackElo "1719"]
[PlyCount "68"]
[EventDate "2024.01.07"]
[WhiteTeam "Crowthorne B"]
[BlackTeam "War and Piece A"]

1. e4 e5 2. Nf3 Nc6 3. c3 Nf6 4. d4 d5 5. dxe5 Nxe4 6. Bb5 Bc5 7. O-O O-O 8.
Bxc6 bxc6 9. Nd4 Ba6 10. Re1 Re8 11. Be3 Bb7 12. f3 Ng5 13. f4 Ne4 14. Nd2 Nxd2
15. Qxd2 f6 16. e6 Bb6 17. f5 c5 18. Nb3 Qd6 19. Qf2 c4 20. Nc5 Bxc5 21. Bxc5
Qc6 22. Bxa7 Rxa7 23. Qxa7 d4 24. Re2 d3 25. Rd2 Qe4 26. Qf2 g6 27. fxg6 hxg6
28. Re1 Qd5 29. Qxf6 Qc5+ 30. Kh1 Rf8 31. Qxg6+ Kh8 32. Qh6+ Kg8 33. Qe3 Qxe3
34. Red1 Qxd2 0-1

[Event "4NCL Division Four"]
[Site "Telford, ENG"]
[Date "2024.01.07"]
[Round "4.35"]
[White "Morrison, Munroe L"]
[Black "Haslehurst, Harriet"]
[Result "1-0"]
[WhiteElo "1697"]
[BlackElo "1533"]
[PlyCount "45"]
[EventDate "2024.01.07"]
[WhiteTeam "War and Piece A"]
[BlackTeam "Crowthorne B"]

1. e4 e6 2. d4 d5 3. Nd2 c5 4. c3 Nc6 5. Ngf3 Nf6 6. e5 Nd7 7. Bd3 Be7 8. O-O
O-O 9. Re1 Qc7 10. Nf1 f6 11. exf6 Nxf6 12. Bb1 h6 13. Ng3 Bd6 14. Nh4 e5 15.
dxe5 Nxe5 16. Ngf5 Neg4 17. h3 Ne5 18. Nxd6 Qxd6 19. Bf4 Re8 20. Ng6 Nfd7 21.
Bf5 Qf6 22. Qxd5+ Nf7 23. Rxe8+ 1-0